| 000 -LEADER |
| fixed length control field |
01264cam a22003377a 4500 |
| 001 - CONTROL NUMBER |
| control field |
13624139 |
| 003 - CONTROL NUMBER IDENTIFIER |
| control field |
CEME |
| 005 - DATE AND TIME OF LATEST TRANSACTION |
| control field |
20210628201542.0 |
| 008 - FIXED-LENGTH DATA ELEMENTS--GENERAL INFORMATION |
| fixed length control field |
040615s2004 enka b 001 0 eng |
| 010 ## - LIBRARY OF CONGRESS CONTROL NUMBER |
| LC control number |
2004300661 |
| 015 ## - NATIONAL BIBLIOGRAPHY NUMBER |
| National bibliography number |
GBA3-Y8300 |
| 020 ## - INTERNATIONAL STANDARD BOOK NUMBER |
| International Standard Book Number |
0470850310 |
| 035 ## - SYSTEM CONTROL NUMBER |
| System control number |
(OCoLC)ocm51668051 |
| 040 ## - CATALOGING SOURCE |
| Original cataloging agency |
UKM |
| Transcribing agency |
UKM |
| Modifying agency |
OCLCQ |
| -- |
C#P |
| -- |
DLC |
| 042 ## - AUTHENTICATION CODE |
| Authentication code |
lccopycat |
| 050 00 - LIBRARY OF CONGRESS CALL NUMBER |
| Classification number |
TK5103.483 |
| Item number |
.S73 2004 |
| 082 00 - DEWEY DECIMAL CLASSIFICATION NUMBER |
| Classification number |
621.3845/6 |
| Edition number |
22 |
| 100 ## - MAIN ENTRY--PERSONAL NAME |
| Personal name |
Sheriff, Ray E. |
| 9 (RLIN) |
55796 |
| 245 00 - TITLE STATEMENT |
| Title |
Space/terrestrial mobile networks |
| Remainder of title |
Internet access and QoS support / |
| Statement of responsibility, etc. |
edited by R.E. Sheriff ... [et al.]. |
| 260 ## - PUBLICATION, DISTRIBUTION, ETC. |
| Place of publication, distribution, etc. |
Chichester ; |
| -- |
Hoboken, NJ : |
| Name of publisher, distributor, etc. |
Wiley, |
| Date of publication, distribution, etc. |
c2004. |
| 300 ## - PHYSICAL DESCRIPTION |
| Extent |
xi, 273 p. : |
| Other physical details |
ill. ; |
| Dimensions |
26 cm. |
| 504 ## - BIBLIOGRAPHY, ETC. NOTE |
| Bibliography, etc. note |
Includes bibliographical references and index. |
| 650 #0 - SUBJECT ADDED ENTRY--TOPICAL TERM |
| Topical term or geographic name entry element |
Mobile communication systems. |
| 9 (RLIN) |
18556 |
| 650 #0 - SUBJECT ADDED ENTRY--TOPICAL TERM |
| Topical term or geographic name entry element |
Artificial satellites in telecommunication. |
| 9 (RLIN) |
55797 |
| 650 #0 - SUBJECT ADDED ENTRY--TOPICAL TERM |
| Topical term or geographic name entry element |
Broadband communication systems. |
| 9 (RLIN) |
3503 |
| 650 #0 - SUBJECT ADDED ENTRY--TOPICAL TERM |
| Topical term or geographic name entry element |
Internet telephony. |
| 9 (RLIN) |
55798 |
| 650 #0 - SUBJECT ADDED ENTRY--TOPICAL TERM |
| Topical term or geographic name entry element |
Telecommunication systems |
| General subdivision |
Quality control. |
| 9 (RLIN) |
55799 |
| 856 41 - ELECTRONIC LOCATION AND ACCESS |
| Materials specified |
Table of contents |
| Uniform Resource Identifier |
<a href="http://www.loc.gov/catdir/toc/wiley041/2004300661.html">http://www.loc.gov/catdir/toc/wiley041/2004300661.html</a> |
| 856 42 - ELECTRONIC LOCATION AND ACCESS |
| Materials specified |
Publisher description |
| Uniform Resource Identifier |
<a href="http://www.loc.gov/catdir/description/wiley041/2004300661.html">http://www.loc.gov/catdir/description/wiley041/2004300661.html</a> |
| 942 ## - ADDED ENTRY ELEMENTS (KOHA) |
| Source of classification or shelving scheme |
|
| Koha item type |
Book |